000 00555nam a2200217Ia 4500
003 OSt
005 20220928144553.0
006 a|||||r|||| 00| 0
007 ta
008 220927b |||||||| |||| 00| 0 eng d
024 _a72105
037 _cTextual
040 _aSDCL
_cSDCL
_beng
041 _2eng
_aeng
082 _az2, L7
100 _aDagens Bruno
_9508439
245 0 _aLes enseignements architecturauxde I' Ajitagemaet du-Rauravagma.
260 _c1977
942 _hz2, L7
_cTEXL
_2CC
999 _c828166
_d828166